[Event "37. Copenhagen Open (Politiken Cup)"]
[Site "Elsinore"]
[Date "2015.07.31"]
[Round "8"]
[White "Hansson, Fredrik"]
[Black "Hoyer, Jacob K"]
[Result "1/2-1/2"]
[WhiteElo "2036"]
[BlackElo "2202"]
[PlyCount "42"]
[EventDate "2015.07.25"]
[EventType "swiss"]
[EventRounds "10"]
[EventCountry "DEN"]
[Source "ChessBase"]
[SourceDate "2015.09.14"]

1. e4 c5 2. c3 d5 3. exd5 Nf6 4. Bb5+ Nbd7 5. c4 a6 6. Bxd7+ Qxd7 7. Ne2 e6 8.
dxe6 Qxe6 9. b3 Bd6 10. d4 cxd4 11. O-O O-O 12. Bb2 Bxh2+ 13. Kxh2 Ng4+ 14. Kg3
Qd6+ 15. Nf4 Rd8 16. Ba3 Qe5 17. Re1 Qg5 18. Nh3 Qg6 19. Nf4 Qg5 20. Nh3 Qg6
21. Nf4 Qg5 1/2-1/2

[Event "37. Copenhagen Open (Politiken Cup)"]
[Site "Elsinore"]
[Date "2015.07.31"]
[Round "8"]
[White "Haria, Ravi"]
[Black "Grove, Peter"]
[Result "1-0"]
[WhiteElo "2261"]
[BlackElo "2098"]
[PlyCount "77"]
[EventDate "2015.07.25"]
[EventType "swiss"]
[EventRounds "10"]
[EventCountry "DEN"]
[Source "ChessBase"]
[SourceDate "2015.09.14"]

1. Nf3 c5 2. g3 Nc6 3. Bg2 g6 4. c3 Bg7 5. d4 cxd4 6. cxd4 d5 7. O-O Nf6 8. Nc3
O-O 9. Ne5 e6 10. Nxc6 bxc6 11. Qc2 Nd7 12. Rd1 Ba6 13. Bf4 Rc8 14. Bd6 Re8 15.
e4 Bf8 16. Bxf8 Rxf8 17. h4 f5 18. exf5 exf5 19. Re1 Nf6 20. Na4 Ne4 21. Nc5
Qa5 22. Re3 Nxc5 23. dxc5 Qc7 24. Rae1 Rf7 25. Qa4 Bb5 26. Qd4 Rcf8 27. f4 a5
28. h5 g5 29. h6 g4 30. Re6 Ba6 31. a3 Bc8 32. R6e5 Qd8 33. b4 axb4 34. axb4
Bb7 35. Re6 Qa8 36. Re7 Qd8 37. R7e6 Qa8 38. R1e5 Bc8 39. Rxf5 1-0

[Event "37. Copenhagen Open (Politiken Cup)"]
[Site "Elsinore"]
[Date "2015.07.31"]
[Round "8"]
[White "Hartung Nielsen, Jens"]
[Black "Degerfeldt, Sven"]
[Result "1-0"]
[WhiteElo "2212"]
[BlackElo "1859"]
[PlyCount "81"]
[EventDate "2015.07.25"]
[EventType "swiss"]
[EventRounds "10"]
[EventCountry "DEN"]
[Source "ChessBase"]
[SourceDate "2015.09.14"]

1. d4 d5 2. c4 e6 3. Nf3 Nf6 4. e3 c6 5. b3 Nbd7 6. Bb2 Be7 7. Bd3 b6 8. Nc3
Bb7 9. O-O O-O 10. Qc2 g6 11. Qe2 c5 12. Ne5 cxd4 13. exd4 Nxe5 14. dxe5 Nh5
15. Rad1 d4 16. Be4 Bxe4 17. Nxe4 Qc7 18. Bxd4 Ng7 19. Bb2 Nf5 20. Rd3 Rfd8 21.
Rfd1 Rxd3 22. Rxd3 Rd8 23. Kf1 Rxd3 24. Qxd3 h5 25. h3 h4 26. Ke2 Qc6 27. Qf3
Qd7 28. Qd3 Qc6 29. Kd1 a5 30. a4 Kg7 31. Kc2 Bc5 32. Kb1 Be7 33. Ka2 Bc5 34.
g4 hxg3 35. fxg3 Be7 36. g4 Nh6 37. Nd6 Kf8 38. Qe3 Kg7 39. Qf4 Qg2 40. Qe3 f5
41. exf6+ 1-0

[Event "37. Copenhagen Open (Politiken Cup)"]
[Site "Elsinore"]
[Date "2015.07.31"]
[Round "8"]
[White "Harvey, Marcus Ross"]
[Black "Sigeman, Johan"]
[Result "0-1"]
[WhiteElo "2320"]
[BlackElo "2138"]
[PlyCount "66"]
[EventDate "2015.07.25"]
[EventType "swiss"]
[EventRounds "10"]
[EventCountry "DEN"]
[Source "ChessBase"]
[SourceDate "2015.09.14"]

1. g3 e5 2. c4 Nc6 3. Bg2 g6 4. Nc3 Bg7 5. d3 d6 6. Nf3 f5 7. Be3 Nf6 8. Qd2 h6
9. d4 e4 10. Ng1 Ng4 11. O-O-O Nxe3 12. Qxe3 Na5 13. b3 c5 14. dxc5 Qf6 15. Kc2
dxc5 16. Nh3 O-O 17. Nf4 Nc6 18. Kb2 Nd4 19. Nfd5 Qf7 20. f3 Be6 21. Kc1 b5 22.
fxe4 bxc4 23. bxc4 Bxd5 24. exd5 Rfe8 25. Qd2 Qf6 26. Rhe1 Rab8 27. e3 Nb3+ 28.
axb3 Rxb3 29. Qa2 Rxc3+ 30. Kd2 Rexe3 31. Rxe3 Qd4+ 32. Ke2 Rxe3+ 33. Kf2 Rd3+
0-1

[Event "37. Copenhagen Open (Politiken Cup)"]
[Site "Elsinore"]
[Date "2015.07.31"]
[Round "8"]
[White "Haubro, Martin"]
[Black "Bach, Matthias"]
[Result "1-0"]
[WhiteElo "2382"]
[BlackElo "2236"]
[PlyCount "137"]
[EventDate "2015.07.25"]
[EventType "swiss"]
[EventRounds "10"]
[EventCountry "DEN"]
[Source "ChessBase"]
[SourceDate "2015.09.14"]

1. e4 c5 2. Nf3 Nf6 3. e5 Nd5 4. Nc3 e6 5. d4 Nc6 6. Nxd5 exd5 7. dxc5 Bxc5 8.
Qxd5 Qb6 9. Bc4 Bxf2+ 10. Ke2 O-O 11. Rf1 Bc5 12. Ng5 Nd4+ 13. Kd1 Ne6 14. Ne4
Be7 15. Nd6 Qc7 16. Bd2 b5 17. Bd3 Qc6 18. Nf5 Bc5 19. Qe4 Qxe4 20. Bxe4 Rb8
21. b4 Bb6 22. a4 a6 23. Ra3 Bb7 24. Bxb7 Rxb7 25. Rg3 Bd4 26. Nh6+ Kh8 27.
Nxf7+ Kg8 28. Nh6+ Kh8 29. Nf7+ Kg8 30. Nh6+ Kh8 31. Rxf8+ Nxf8 32. Nf7+ Kg8
33. Nh6+ Kh8 34. c3 Bg1 35. Nf7+ Kg8 36. Nh6+ Kh8 37. Rf3 Rb8 38. Nf7+ Kg8 39.
axb5 axb5 40. h4 Re8 41. Rf5 Bh2 42. Nd6 Rb8 43. Bf4 Bxf4 44. Rxf4 Ng6 45. Re4
h5 46. Kc2 Kf8 47. Kd3 Ke7 48. Nf5+ Kf7 49. Kd4 Nf8 50. Nd6+ Ke7 51. Re2 Ne6+
52. Ke3 Nf8 53. Ke4 Ke6 54. Nf5 g6 55. Nd4+ Ke7 56. Ra2 Ne6 57. Nxe6 Kxe6 58.
Ra6+ Kf7 59. Rf6+ Kg7 60. Rd6 Rb7 61. Kd3 Rc7 62. Rb6 Rc4 63. Rxb5 Rxh4 64. Rd5
Rg4 65. Rxd7+ Kf8 66. b5 Rxg2 67. b6 Rb2 68. b7 h4 69. Rd8+ 1-0

[Event "37. Copenhagen Open (Politiken Cup)"]
[Site "Elsinore"]
[Date "2015.07.31"]
[Round "8"]
[White "Haug, Johannes"]
[Black "Rishovd, Svein"]
[Result "1-0"]
[WhiteElo "2236"]
[BlackElo "2094"]
[PlyCount "69"]
[EventDate "2015.07.25"]
[EventType "swiss"]
[EventRounds "10"]
[EventCountry "DEN"]
[Source "ChessBase"]
[SourceDate "2015.09.14"]

1. e4 g6 2. d4 Bg7 3. Nf3 d6 4. Bc4 Nf6 5. Qe2 O-O 6. e5 dxe5 7. dxe5 Nd5 8. h3
Be6 9. O-O Nd7 10. Nbd2 Qc8 11. c3 h6 12. Re1 a5 13. a4 N7b6 14. Bb3 g5 15. Nd4
Nf4 16. Qe4 Bd5 17. Bxd5 Nbxd5 18. Nf5 Ra6 19. c4 e6 20. Nxg7 Nb4 21. g3 f5 22.
exf6 Nxh3+ 23. Kg2 Rxf6 24. Kxh3 Kxg7 25. Kg2 Rd6 26. Nf3 Nd3 27. Rh1 Nc5 28.
Qe5 Nd3 29. Qe4 Nc5 30. Qg4 Qf8 31. Bxg5 hxg5 32. Qxg5+ Kf7 33. Qxc5 Rxf3 34.
Qh5+ Ke7 35. Qxf3 1-0

[Event "37. Copenhagen Open (Politiken Cup)"]
[Site "Elsinore"]
[Date "2015.07.31"]
[Round "8"]
[White "Haugaard, Thomas"]
[Black "Vestjord, Harald Christian"]
[Result "0-1"]
[WhiteElo "1707"]
[BlackElo "1473"]
[PlyCount "42"]
[EventDate "2015.07.25"]
[EventType "swiss"]
[EventRounds "10"]
[EventCountry "DEN"]
[Source "ChessBase"]
[SourceDate "2015.09.14"]

1. d4 d5 2. c4 c6 3. Nf3 Nf6 4. e3 e6 5. Nc3 Nbd7 6. Be2 dxc4 7. Bxc4 b5 8. Bd3
Bb7 9. O-O a6 10. b3 c5 11. Bb2 cxd4 12. exd4 Be7 13. Qe2 Nb6 14. Rfd1 O-O 15.
Rac1 Nbd5 16. Bb1 Nf4 17. Qe3 N6d5 18. Nxd5 Nxd5 19. Qe4 g6 20. Rc2 Qb6 21. Qf4
Nxf4 0-1

[Event "37. Copenhagen Open (Politiken Cup)"]
[Site "Elsinore"]
[Date "2015.07.31"]
[Round "8"]
[White "Haugland, Rasmus L"]
[Black "Skovgaard, Ib"]
[Result "1-0"]
[WhiteElo "1884"]
[BlackElo "2031"]
[PlyCount "245"]
[EventDate "2015.07.25"]
[EventType "swiss"]
[EventRounds "10"]
[EventCountry "DEN"]
[Source "ChessBase"]
[SourceDate "2015.09.14"]

1. d4 Nf6 2. Nc3 d5 3. Bg5 Nbd7 4. Qd3 g6 5. O-O-O Bg7 6. f3 Nf8 7. e4 dxe4 8.
fxe4 Ne6 9. Bxf6 Bxf6 10. Nf3 O-O 11. h4 Bg7 12. Qe3 c5 13. d5 Nd4 14. Ne2 Bg4
15. c3 Rc8 16. Qf4 Qd7 17. cxd4 cxd4+ 18. Kb1 Qa4 19. Qd2 Bh6 20. b3 Qa3 21.
Qxh6 Rc2 22. Qxf8+ Kxf8 23. Kxc2 Qxa2+ 24. Kc1 Qa3+ 25. Kd2 Qa5+ 26. Kd3 Bxf3
27. gxf3 e5 28. dxe6 Qa6+ 29. Kxd4 Qd6+ 30. Kc4 Qxd1 31. Nd4 b5+ 32. Kc5 Qc1+
33. Kxb5 a6+ 34. Kb6 Qe3 35. Kc5 fxe6 36. Kc4 Qc1+ 37. Kd3 e5 38. Ne2 Qd1+ 39.
Kc4 Ke7 40. f4 exf4 41. Nc3 Qf3 42. Rg1 Qf2 43. Rh1 Kd6 44. Bh3 Qc5+ 45. Kd3
Qe3+ 46. Kc4 Ke5 47. b4 Qf3 48. Rh2 Qg3 49. Rh1 Qf3 50. Rh2 h6 51. Bc8 Qf1+ 52.
Kb3 Qd3 53. Rg2 Kd4 54. Rc2 Qc4+ 55. Kb2 Kd3 56. Bg4 Qxb4+ 57. Kc1 Qa3+ 58. Kd1
Qa1+ 59. Rc1 Qb2 60. Be2+ Kd4 61. Rc2 Qb3 62. Kd2 Qa3 63. Bf3 Qa5 64. Be2 g5
65. h5 Qb4 66. Kc1 Qa3+ 67. Kd2 Qa5 68. Bg4 Ke5 69. Bf3 Qc5 70. Nd1 Qd4+ 71.
Ke2 g4 72. Bxg4 Qxe4+ 73. Kd2 Qg2+ 74. Be2 f3 75. Kd3 Kf4 76. Ne3 Qg1 77. Rc4+
Ke5 78. Bxf3 Qb1+ 79. Kd2 Qb2+ 80. Nc2 Qb6 81. Re4+ Kf6 82. Rf4+ Ke7 83. Re4+
Kf6 84. Nd4 Qb2+ 85. Ke3 Qc1+ 86. Kf2 a5 87. Re6+ Kf7 88. Bd5 Qc5 89. Re5+ Kg7
90. Ke3 Qc1+ 91. Ke4 Qb1+ 92. Kf4 Qc1+ 93. Kf5 Qf1+ 94. Nf3 Qd3+ 95. Be4 Qd7+
96. Kf4 Qd6 97. Kg4 Qd7+ 98. Bf5 Qa4+ 99. Re4 Qd1 100. Kg3 Qd6+ 101. Kg4 Qd1
102. Kg3 Qd6+ 103. Kh4 Qd8+ 104. Kh3 Kf6 105. Nh4 Qd3+ 106. Kg4 Qd2 107. Nf3
Qd1 108. Re6+ Kg7 109. Rg6+ Kf8 110. Rxh6 a4 111. Rf6+ Ke7 112. Re6+ Kd8 113.
h6 Qf1 114. h7 Qg2+ 115. Kh4 Qh1+ 116. Bh3 Qa1 117. Ne5 Qe1+ 118. Kg5 Qg3+ 119.
Kf6 Qxh3 120. Nf7+ Kd7 121. Re7+ Kc6 122. h8=Q Qc3+ 123. Ne5+ 1-0

[Event "37. Copenhagen Open (Politiken Cup)"]
[Site "Elsinore"]
[Date "2015.07.31"]
[Round "8"]
[White "Hector, Jonny"]
[Black "Solberg, Joachim"]
[Result "1-0"]
[WhiteElo "2485"]
[BlackElo "2270"]
[PlyCount "97"]
[EventDate "2015.07.25"]
[EventType "swiss"]
[EventRounds "10"]
[EventCountry "DEN"]
[Source "ChessBase"]
[SourceDate "2015.09.14"]

1. e4 c5 2. Nf3 Nc6 3. Nc3 Nf6 4. Bb5 g6 5. e5 Ng4 6. Qe2 Bg7 7. Bxc6 dxc6 8.
h3 Nh6 9. g4 O-O 10. d3 f5 11. g5 Nf7 12. Bf4 Be6 13. O-O-O b5 14. b3 Qa5 15.
Kb1 Rfd8 16. h4 c4 17. d4 cxb3 18. cxb3 Qxc3 19. Bd2 Bc4 20. bxc4 Qxc4 21. Qxc4
bxc4 22. Kc2 Rab8 23. Rb1 Rb5 24. a4 Rb3 25. Bc3 c5 26. dxc5 Rc8 27. Rxb3 cxb3+
28. Kxb3 Rxc5 29. Re1 a5 30. Bb2 e6 31. Rd1 Bxe5 32. Nxe5 Nxe5 33. Rd8+ Kf7 34.
Rh8 Kg7 35. Ra8 Kf7 36. Ra7+ Kg8 37. Bc3 Nc6 38. Rg7+ Kf8 39. Rxh7 e5 40. Rd7
Kg8 41. Bb2 Nd4+ 42. Bxd4 exd4 43. Rxd4 Rc1 44. Rd5 Rf1 45. Rxa5 Rxf2 46. Rc5
Rf1 47. Rc6 Kg7 48. a5 Ra1 49. a6 1-0

[Event "37. Copenhagen Open (Politiken Cup)"]
[Site "Elsinore"]
[Date "2015.07.31"]
[Round "8"]
[White "Hein, Jacob"]
[Black "Narheim, Mats"]
[Result "1/2-1/2"]
[WhiteElo "1441"]
[BlackElo "1264"]
[PlyCount "83"]
[EventDate "2015.07.25"]
[EventType "swiss"]
[EventRounds "10"]
[EventCountry "DEN"]
[Source "ChessBase"]
[SourceDate "2015.09.14"]

1. d4 Nf6 2. c4 e6 3. f3 d5 4. Bg5 Bb4+ 5. Nd2 Nc6 6. a3 Bxd2+ 7. Qxd2 dxc4 8.
e4 Qxd4 9. Be3 Qxd2+ 10. Bxd2 Nd4 11. O-O-O Nb3+ 12. Kc2 Nxd2 13. Rxd2 Bd7 14.
Bxc4 O-O-O 15. Ne2 Bc6 16. Nd4 Bxe4+ 17. Kc1 Bg6 18. Rhd1 Nd5 19. Re1 Rhe8 20.
h4 Rd6 21. g4 h5 22. Re5 hxg4 23. Nb5 Nb6 24. Nxd6+ cxd6 25. Rxd6 Nxc4 26. Rc5+
Kb8 27. Rxc4 gxf3 28. Kd2 e5 29. Ke3 e4 30. Rd7 f5 31. Rxg7 f4+ 32. Kf2 e3+ 33.
Kxf3 e2 34. Rcc7 Bh5+ 35. Kxf4 e1=Q 36. Rxb7+ Kc8 37. Rbc7+ Kb8 38. Rb7+ Kc8
39. Rgc7+ Kd8 40. Rd7+ Kc8 41. Rdc7+ Kd8 42. Rd7+ 1/2-1/2

[Event "37. Copenhagen Open (Politiken Cup)"]
[Site "Elsinore"]
[Date "2015.07.31"]
[Round "8"]
[White "Helin, Mikael"]
[Black "Haagen Larsen, Hans"]
[Result "1-0"]
[WhiteElo "1896"]
[BlackElo "1714"]
[PlyCount "45"]
[EventDate "2015.07.25"]
[EventType "swiss"]
[EventRounds "10"]
[EventCountry "DEN"]
[Source "ChessBase"]
[SourceDate "2015.09.14"]

1. e4 e6 2. a3 d5 3. e5 c5 4. b4 Nc6 5. Nf3 Qc7 6. Qe2 cxb4 7. d4 Qb6 8. Qd1 f5
9. axb4 Bxb4+ 10. c3 Be7 11. Bd3 Bd7 12. h4 h6 13. h5 Qd8 14. g4 Bg5 15. Nxg5
hxg5 16. gxf5 exf5 17. Qf3 g6 18. hxg6 Rxh1+ 19. Qxh1 Nce7 20. Qh7 Be6 21. Bb5+
Kf8 22. Bxg5 a6 23. Bh6+ 1-0

[Event "37. Copenhagen Open (Politiken Cup)"]
[Site "Elsinore"]
[Date "2015.07.31"]
[Round "8"]
[White "Henningsen, Lasse"]
[Black "Andersen, Torben Bodskov"]
[Result "0-1"]
[WhiteElo "1960"]
[BlackElo "2106"]
[PlyCount "121"]
[EventDate "2015.07.25"]
[EventType "swiss"]
[EventRounds "10"]
[EventCountry "DEN"]
[Source "ChessBase"]
[SourceDate "2015.09.14"]

1. d4 f5 2. c4 Nf6 3. g3 g6 4. Nc3 Bg7 5. Bg2 O-O 6. Qc2 d6 7. d5 c6 8. Nh3 e5
9. dxe6 Bxe6 10. Qd3 Na6 11. Bf4 Ne8 12. b3 Nc5 13. Qc2 Ne4 14. Bd2 Nxd2 15.
Qxd2 d5 16. cxd5 Bxd5 17. Bxd5+ cxd5 18. Rd1 d4 19. O-O Nd6 20. Na4 Ne4 21. Qd3
Qe7 22. Nf4 Rfd8 23. f3 Nc3 24. Nxc3 dxc3 25. Qc4+ Qf7 26. Qxf7+ Kxf7 27. Kf2
Rac8 28. Nd3 c2 29. Rc1 Bc3 30. Ne1 Bd2 31. Nd3 Bxc1 32. Rxc1 Kf6 33. Ke3 Rd6
34. Kd2 Rdc6 35. f4 h6 36. Ke3 g5 37. Kf2 g4 38. Ke3 h5 39. Nb4 Re6+ 40. Kd2
Rd8+ 41. Nd3 Rc6 42. Ke3 h4 43. Kf2 hxg3+ 44. hxg3 Rh8 45. Ne1 Rh1 46. Rxc2
Rxc2 47. Nxc2 b5 48. Ne1 a6 49. b4 Kg6 50. a3 Kf6 51. e3 Kg6 52. Ke2 Rh2+ 53.
Kd3 Rf2 54. Kd4 Re2 55. Nd3 Rg2 56. e4 fxe4 57. Kxe4 Rxg3 58. Ne5+ Kf6 59. f5
Rg1 60. Nd7+ Kg5 61. Ke3 0-1

[Event "37. Copenhagen Open (Politiken Cup)"]
[Site "Elsinore"]
[Date "2015.07.31"]
[Round "8"]
[White "Henrichsen, Jens"]
[Black "Hinrichs, Lars"]
[Result "0-1"]
[WhiteElo "2047"]
[BlackElo "2205"]
[PlyCount "66"]
[EventDate "2015.07.25"]
[EventType "swiss"]
[EventRounds "10"]
[EventCountry "DEN"]
[Source "ChessBase"]
[SourceDate "2015.09.14"]

1. d4 Nf6 2. Nf3 g6 3. c4 Bg7 4. Nc3 O-O 5. e4 c6 6. Be2 d5 7. e5 Ne4 8. O-O
Nxc3 9. bxc3 dxc4 10. Bxc4 c5 11. Be3 Nc6 12. h3 Na5 13. Bd3 cxd4 14. cxd4 Be6
15. Ng5 Bd5 16. Qe2 Rc8 17. Rac1 b6 18. Rxc8 Qxc8 19. Rc1 Qa8 20. Rc7 h6 21.
Nf3 Nc6 22. Bb5 Rc8 23. Rxc8+ Qxc8 24. Ba6 Qe6 25. a3 Na5 26. Ne1 Qc6 27. Qd2
Nc4 28. Bxc4 Qxc4 29. Bxh6 Bxh6 30. Qxh6 Qxd4 31. Nf3 Bxf3 32. gxf3 Qxe5 33. f4
Qh5 0-1

[Event "37. Copenhagen Open (Politiken Cup)"]
[Site "Elsinore"]
[Date "2015.07.31"]
[Round "8"]
[White "Hjornevik, Knut Jarle"]
[Black "Moe, Mogens"]
[Result "0-1"]
[WhiteElo "1958"]
[BlackElo "2070"]
[PlyCount "136"]
[EventDate "2015.07.25"]
[EventType "swiss"]
[EventRounds "10"]
[EventCountry "DEN"]
[Source "ChessBase"]
[SourceDate "2015.09.14"]

1. d4 Nf6 2. c4 g6 3. Nc3 d5 4. Bf4 Bg7 5. e3 c5 6. dxc5 Qa5 7. Rc1 dxc4 8.
Bxc4 O-O 9. Nge2 Nc6 10. Qb3 Qxc5 11. Qb5 Qxb5 12. Bxb5 Bd7 13. h3 a6 14. Bd3
e5 15. Bh2 Be6 16. a3 Rfd8 17. Bc2 Rab8 18. O-O b5 19. b4 Bc4 20. Rfd1 Nd5 21.
Nxd5 Bxe2 22. Rd2 Bc4 23. Rcd1 Kf8 24. g4 a5 25. Be4 Bb3 26. Rc1 Ne7 27. Rc5
axb4 28. axb4 f5 29. Bh1 Bc4 30. e4 f4 31. g5 Rbc8 32. Rxc8 Nxc8 33. Bf3 Ne7
34. Rd1 Nc6 35. Ra1 Kf7 36. Kg2 Bf8 37. Ra6 Bxd5 38. exd5 Nd4 39. Ra7+ Kg8 40.
Be4 Bxb4 41. Rb7 Bd6 42. f3 b4 43. Bg1 Ne2 44. Bf2 Nc3 45. h4 Nxe4 46. fxe4 Rb8
47. Rxb8+ Bxb8 48. Bc5 b3 49. Ba3 Bd6 50. Bb2 h6 51. Kf3 hxg5 52. hxg5 Be7 53.
Bxe5 Bxg5 54. Bb2 Bh6 55. e5 g5 56. d6 Bf8 57. d7 Be7 58. Ba3 Kf7 59. Bb2 Ke6
60. Ke4 Kxd7 61. Kd3 Ke6 62. Kc4 Bf8 63. Kxb3 Bg7 64. Kc2 Bxe5 65. Bc1 Kf5 66.
Kd3 Bc7 67. Ke2 Ke4 68. Bd2 Bb6 0-1

[Event "37. Copenhagen Open (Politiken Cup)"]
[Site "Elsinore"]
[Date "2015.07.31"]
[Round "8"]
[White "Hogeman, Joel"]
[Black "Nielsen, Thomas Bach"]
[Result "1-0"]
[WhiteElo "1946"]
[BlackElo "2193"]
[PlyCount "59"]
[EventDate "2015.07.25"]
[EventType "swiss"]
[EventRounds "10"]
[EventCountry "DEN"]
[Source "ChessBase"]
[SourceDate "2015.09.14"]

1. d4 f5 2. g3 Nf6 3. Bg2 g6 4. Nf3 Bg7 5. O-O O-O 6. b3 c5 7. Bb2 cxd4 8. Nxd4
Nc6 9. Nd2 d5 10. c4 Qb6 11. cxd5 Nxd4 12. Nc4 Nxe2+ 13. Qxe2 Qd8 14. Rfe1 Re8
15. Rad1 f4 16. d6 exd6 17. Bxf6 Rxe2 18. Bxd8 Bg4 19. Rxe2 Bxe2 20. Rxd6 f3
21. Bf1 b5 22. Na5 Rc8 23. Nc6 Bf8 24. Bh3 Bxd6 25. Bxc8 Kf7 26. Bb7 Ke6 27.
Nd4+ Kd7 28. Ba5 b4 29. Bxf3 Bd3 30. Bg4+ 1-0

[Event "37. Copenhagen Open (Politiken Cup)"]
[Site "Elsinore"]
[Date "2015.07.31"]
[Round "8"]
[White "Holm, Henrik"]
[Black "Hansen, John Laurids"]
[Result "0-1"]
[WhiteElo "1766"]
[BlackElo "1986"]
[PlyCount "48"]
[EventDate "2015.07.25"]
[EventType "swiss"]
[EventRounds "10"]
[EventCountry "DEN"]
[Source "ChessBase"]
[SourceDate "2015.09.14"]

1. e4 e5 2. Nf3 Nc6 3. Bc4 Nf6 4. d4 exd4 5. O-O Nxe4 6. Re1 d5 7. Bxd5 Qxd5 8.
Nc3 Qa5 9. Rxe4+ Be6 10. Ng5 dxc3 11. Nxe6 fxe6 12. Rxe6+ Be7 13. Qg4 O-O 14.
Bh6 Rf7 15. b3 Ne5 16. Qe4 Bd6 17. f4 Qc5+ 18. Kh1 Ng4 19. Re8+ Rxe8 20. Qxe8+
Bf8 21. Bg5 Nf2+ 22. Kg1 Nh3+ 23. Kh1 Qg1+ 24. Rxg1 Nf2# 0-1

[Event "37. Copenhagen Open (Politiken Cup)"]
[Site "Elsinore"]
[Date "2015.07.31"]
[Round "8"]
[White "Howell, Alun"]
[Black "Franzen, Per Erik"]
[Result "0-1"]
[WhiteElo "1732"]
[BlackElo "1988"]
[PlyCount "70"]
[EventDate "2015.07.25"]
[EventType "swiss"]
[EventRounds "10"]
[EventCountry "DEN"]
[Source "ChessBase"]
[SourceDate "2015.09.14"]

1. Nf3 c5 2. c4 e6 3. Nc3 Nf6 4. g3 Nc6 5. Bg2 Be7 6. d3 O-O 7. O-O d5 8. cxd5
exd5 9. Bf4 d4 10. Nb5 Nd5 11. Bd2 Re8 12. Rc1 Bf5 13. Re1 Rc8 14. Na3 Ncb4 15.
Nc2 Nxa2 16. Ra1 Nab4 17. Nxb4 Nxb4 18. Bxb4 cxb4 19. Nd2 Qb6 20. Nc4 Rxc4 21.
dxc4 b3 22. e4 Bb4 23. Re2 Bg4 24. f3 d3+ 25. Rf2 Bc5 26. Qd2 Be3 27. Qe1 d2
28. Qe2 Be6 29. Bf1 Rc8 30. Kg2 Rxc4 31. Rd1 Rc2 32. Qd3 Bxf2 33. Rxd2 Rxd2 34.
Qxd2 Be3 35. Qc3 Qc5 0-1

[Event "37. Copenhagen Open (Politiken Cup)"]
[Site "Elsinore"]
[Date "2015.07.31"]
[Round "8"]
[White "Huse, Sigurd Kjelsbol"]
[Black "Nielsen, Morten"]
[Result "0-1"]
[WhiteElo "1715"]
[BlackElo "1942"]
[PlyCount "90"]
[EventDate "2015.07.25"]
[EventType "swiss"]
[EventRounds "10"]
[EventCountry "DEN"]
[Source "ChessBase"]
[SourceDate "2015.09.14"]

1. e4 Nf6 2. e5 Nd5 3. d4 d6 4. c4 Nb6 5. Nc3 dxe5 6. dxe5 Qxd1+ 7. Nxd1 Nc6 8.
Ne3 Nxe5 9. b3 e6 10. Bb2 Nc6 11. O-O-O Bd7 12. g3 f6 13. Bg2 Bc5 14. a3 a5 15.
a4 O-O-O 16. Ne2 e5 17. h3 Nb4 18. Bc3 Na2+ 19. Kb2 Nxc3 20. Nxc3 Bd4 21. Kc2
Bc6 22. Bxc6 bxc6 23. Ne2 c5 24. Rhf1 g6 25. Nc3 Nd7 26. Ned5 c6 27. Ne3 Nb8
28. Rd2 Na6 29. Na2 Rd7 30. Rfd1 Rhd8 31. h4 h5 32. Kc1 f5 33. Kc2 Kc7 34. Kc1
f4 35. gxf4 exf4 36. Ng2 Bxf2 37. Rxd7+ Rxd7 38. Rxd7+ Kxd7 39. Kd1 Ke6 40. Ke2
Bg3 41. Kf3 Kf5 42. Nc3 Nb4 43. Ne2 Nd3 44. Nxg3+ fxg3 45. Kxg3 Ke4 0-1

[Event "37. Copenhagen Open (Politiken Cup)"]
[Site "Elsinore"]
[Date "2015.07.31"]
[Round "8"]
[White "Jacobsen, Mikkel Manosri"]
[Black "Rolvag, Mikael"]
[Result "1/2-1/2"]
[WhiteElo "2370"]
[BlackElo "2193"]
[PlyCount "118"]
[EventDate "2015.07.25"]
[EventType "swiss"]
[EventRounds "10"]
[EventCountry "DEN"]
[Source "ChessBase"]
[SourceDate "2015.09.14"]

1. Nf3 Nf6 2. b3 g6 3. Bb2 Bg7 4. e3 O-O 5. Be2 c5 6. O-O d6 7. c4 Nc6 8. Nc3
Rb8 9. Rc1 a6 10. d4 Bf5 11. d5 Na7 12. Nd2 b5 13. Ba1 b4 14. Na4 e5 15. dxe6
Bxe6 16. e4 Nd7 17. Bxg7 Kxg7 18. f4 f6 19. Rf3 Qe7 20. Rd3 Rbe8 21. a3 a5 22.
axb4 axb4 23. Nf1 Nc8 24. Bf3 Nb8 25. Ne3 Qc7 26. Qe1 Nc6 27. Nc2 f5 28. Re3
fxe4 29. Rxe4 Bf7 30. f5 gxf5 31. Qg3+ Bg6 32. Rxe8 Rxe8 33. h4 f4 34. Qxf4 Ne5
35. Ne1 Qf7 36. Qg3 Kh8 37. Bd5 Qf6 38. Nc2 Ne7 39. Ne3 Bh5 40. Rf1 Qh6 41. Be4
Rg8 42. Qf4 Qg7 43. Qf6 Qxf6 44. Rxf6 Bg6 45. Bb7 Rd8 46. g4 Kg7 47. Rf1 N7c6
48. h5 Be4 49. Rd1 Bf3 50. Rxd6 Rxd6 51. Nf5+ Kf6 52. Nxd6 Bxg4 53. Nxc5 Bxh5
54. Nd7+ Ke6 55. Nxe5 Nxe5 56. Ne4 Nf3+ 57. Kf2 Nd4 58. Nc5+ Kd6 59. Nd3 Nxb3
1/2-1/2

[Event "37. Copenhagen Open (Politiken Cup)"]
[Site "Elsinore"]
[Date "2015.07.31"]
[Round "8"]
[White "Jarlnaes, Erik"]
[Black "Norlander, Svante"]
[Result "1-0"]
[WhiteElo "1892"]
[BlackElo "1705"]
[PlyCount "71"]
[EventDate "2015.07.25"]
[EventType "swiss"]
[EventRounds "10"]
[EventCountry "DEN"]
[Source "ChessBase"]
[SourceDate "2015.09.14"]

1. e4 c5 2. d4 e6 3. Nf3 cxd4 4. Nxd4 Nf6 5. Bd3 Bc5 6. Nb3 Bb6 7. Bg5 d6 8.
Qf3 Nbd7 9. Bf4 Qe7 10. Nc3 a6 11. Rd1 O-O 12. O-O Ne5 13. Bxe5 dxe5 14. a4 Bd7
15. a5 Ba7 16. g4 Bc6 17. Qg3 Nd7 18. Nd2 Rad8 19. Nc4 f6 20. Rb1 Nc5 21. b4
Nxd3 22. cxd3 Rd4 23. b5 axb5 24. Nxb5 Bxb5 25. Rxb5 Rfd8 26. Rb3 Bb8 27. Rfb1
Qe8 28. Kf1 f5 29. gxf5 exf5 30. Rxb7 g6 31. exf5 Rxd3 32. Ne3 Bd6 33. Qh4 Rd7
34. Rxd7 Qxd7 35. Qc4+ Kg7 36. Qxd3 1-0

[Event "37. Copenhagen Open (Politiken Cup)"]
[Site "Elsinore"]
[Date "2015.07.31"]
[Round "8"]
[White "Jensen, Ib"]
[Black "Hoare, Amy B"]
[Result "0-1"]
[WhiteElo "1948"]
[BlackElo "2069"]
[PlyCount "84"]
[EventDate "2015.07.25"]
[EventType "swiss"]
[EventRounds "10"]
[EventCountry "DEN"]
[Source "ChessBase"]
[SourceDate "2015.09.14"]

1. d4 d5 2. Nf3 Nf6 3. e3 c5 4. b3 Nc6 5. Bd3 Bg4 6. Nbd2 e6 7. Bb2 cxd4 8.
exd4 Bd6 9. h3 Bh5 10. Qe2 Rc8 11. g4 Bg6 12. Ne5 Bxd3 13. Nxd3 Nd7 14. c3 a5
15. Nf3 a4 16. c4 Qa5+ 17. Kf1 a3 18. Bc1 Qc3 19. Rb1 dxc4 20. bxc4 Nxd4 21.
Nxd4 Qxd4 22. Be3 Qe4 23. f3 Qc6 24. Kg2 O-O 25. Rhc1 Qa6 26. Nb4 Qa4 27. Qd2
Bc5 28. Bf4 Rfd8 29. Qe1 Nb6 30. Bg5 Rd4 31. Qe5 Nxc4 32. Qe1 h6 33. Bh4 Rd2+
34. Kh1 Bxb4 35. Qe4 b5 36. Qb7 Re8 37. Be1 Rb2 38. Qd7 Qa8 39. Qd3 Rd8 40. Qf1
Bxe1 41. Rxe1 Rxb1 42. Rxb1 Nd2 0-1

[Event "37. Copenhagen Open (Politiken Cup)"]
[Site "Elsinore"]
[Date "2015.07.31"]
[Round "8"]
[White "Jensen, Morten Frank"]
[Black "Maagaard, David Bille"]
[Result "1-0"]
[WhiteElo "2028"]
[BlackElo "1859"]
[PlyCount "81"]
[EventDate "2015.07.25"]
[EventType "swiss"]
[EventRounds "10"]
[EventCountry "DEN"]
[Source "ChessBase"]
[SourceDate "2015.09.14"]

1. e4 c5 2. Nf3 d6 3. Nc3 a6 4. g3 Nc6 5. Bg2 Nf6 6. O-O e5 7. d3 Be7 8. h3 h6
9. a4 Be6 10. Kh2 g5 11. Ng1 Qd7 12. Nd5 Bd8 13. c3 Bxd5 14. exd5 Ne7 15. Qb3
Nf5 16. Be3 Nxe3 17. fxe3 h5 18. d4 Ng4+ 19. hxg4 hxg4+ 20. Nh3 cxd4 21. exd4
f6 22. Qc2 gxh3 23. Be4 Qg7 24. Bf5 b6 25. Qd3 Ra7 26. g4 Qb7 27. Be6 Rh6 28.
b4 Qa8 29. Rf3 Rah7 30. Raf1 Qb7 31. c4 Qc7 32. dxe5 dxe5 33. d6 e4 34. dxc7
Bxc7+ 35. Kh1 exd3 36. Rxd3 Re7 37. Bf5 Re2 38. Rdd1 Bg3 39. Rf3 Be5 40. Rfd3
Bc7 41. Rd7 1-0